书目信息 |
| 题名: |
涛声集:张怀涛诗词选
|
|
| 作者: | 张怀涛 | |
| 分册: | ||
| 出版信息: | 天马图书有限公司 2003.08 |
|
| 页数: | 217页 | |
| 开本: | 20cm | |
| 丛书名: | ||
| 单 册: | ||
| 中图分类: | I227 | |
| 科图分类: | ||
| 主题词: | 诗歌--中国 , 韵文--中国 | |
| 电子资源: | ||
| ISBN: | 962-450-350-8 | |
| 000 | 00602nam0 2200217 450 | |
| 001 | 0855608517 | |
| 005 | 20180416092819.44 | |
| 010 | @a962-450-350-8@dCNY26.00 | |
| 100 | @a20080617d2003 km y0chiy0120 ea | |
| 101 | 0 | @achi |
| 102 | @aCN@b810000 | |
| 200 | 1 | @a涛声集:张怀涛诗词选@Atao sheng ji:zhang huai tao shi ci xuan@f张怀涛@Fzhang huai tao |
| 210 | @c天马图书有限公司@d2003.08 | |
| 210 | @a香港@c天马图书出版公司 | |
| 215 | @a217页@d20cm | |
| 606 | 0 | @a诗歌@x中国 |
| 606 | 0 | @a韵文@x中国 |
| 690 | @aI227@v4 | |
| 701 | 0 | @a张怀涛@Azhang huai tao |
| 801 | 0 | @aCN@c20080617 |
| 905 | @dI227@eZ110 | |
| 涛声集:张怀涛诗词选/张怀涛.-天马图书有限公司,2003.08.-香港:天马图书出版公司 |
| 217页;20cm |
| ISBN 962-450-350-8:CNY26.00 |
| ● |
| 相关链接 |
|
|
|
正题名:涛声集:张怀涛诗词选
索取号:I227/Z110
 
预约/预借
| 序号 | 登录号 | 条形码 | 馆藏地/架位号 | 状态 | 备注 |
| 1 | 1309028 | 213090288 | 文学库108/108文学库 18排11列3层/ [索取号:I227/Z110] | 在馆 | |
| 2 | 452578 | 204525781 | 文学库108/108文学库 18排11列3层/ [索取号:I227/Z110] | 在馆 | |
| 3 | 492693 | 204926937 | 文学库108/108文学库 18排11列3层/ [索取号:I227/Z110] | 在馆 |